Black in the Answers #1 - Statistics

General Stats
  • This quiz has been taken 237,620 times
    96,575 since last reset
  • The average score is 15 of 20
Answer Stats
Clue Answer % Correct
What you'd find at the center of the Milky Way Black hole
96%
Popular casino game Blackjack
96%
Venomous spider Black widow
94%
It killed about a third of Europe's population in the 1300s Black Death
93%
It's bad luck if one crosses your path Black cat
91%
Power outage Blackout
90%
One who forges iron and steel Blacksmith
88%
Flight recorder Black box
79%
English pirate born Edward Teach Blackbeard
77%
Movie starring Will Smith and Tommy Lee Jones Men in Black
74%
Extortion Blackmail
73%
Ozzy Osbourne's band Black Sabbath
72%
Best-selling smartphone before the iPhone came out BlackBerry
71%
Hip hop group led by will.i.am Black Eyed Peas
71%
Semiformal dress code Black tie
71%
Term for a leopard or jaguar with black fur Black panther
70%
New Zealand's rugby union team All Blacks
49%
Another name for blood sausage Black pudding
49%
Region of South Dakota that once had a gold rush Black Hills
35%
Welsh pirate born John Roberts Black Bart
9%
No matching quizzes found
Score Distribution
Percent of People with Each Score
Percentile by Number Answered
Your Score History
You have not taken this quiz since the last reset